Guess the presidents by emoji - Statistics

General Stats
  • This quiz has been taken 44 times
  • The average score is 9 of 13
Answer Stats
Hint Answer % Correct
πŸŽ©πŸ­πŸš‚ Abraham Lincoln
89%
πŸ€‘πŸ”πŸ•Š Donald Trump
86%
πŸ³β€πŸŒˆπŸŒ­πŸ€ Barack Obama
84%
πŸŽ·πŸ‘©β€πŸ¦±πŸ’΅ Bill Clinton
84%
πŸ“œπŸ΅πŸ¦… George Washington
81%
β›±πŸ¦½πŸ¦‰ Franklin D Roosevelt
78%
πŸš€πŸ“Ίβœ John F Kennedy
76%
πŸ€ πŸŽžπŸ’Έ Ronald Reagan
73%
πŸ“’πŸŒͺπŸ‘ George W Bush
65%
😎🍦🎈 Joe Biden
65%
🎹πŸ’₯β›© Harry Truman
59%
πŸ’’πŸ§›β€β™‚οΈπŸ”« Andrew Jackson
43%
πŸŒπŸ“ƒβš” Woodrow Wilson
38%
No matching quizzes found
Score Distribution
Percent of People with Each Score
Percentile by Number Answered
Your Score History
You have not taken this quiz